[Event "Astana Zhuldyzdary Open A"]
[Site "Astana KAZ"]
[Date "2023.07.16"]
[Round "8.18"]
[White "Kvan, Andrey"]
[Black "Goganov, Aleksey"]
[Result "0-1"]
[BlackTitle "GM"]
[WhiteElo "2228"]
[BlackElo "2531"]
[WhiteFideId "13701738"]
[BlackFideId "24109959"]
[EventDate "2023.07.11"]

1. e4 c5 2. Be2 Nc6 3. d3 e6 4. f4 d5 5. Nf3 Bd6 6. O-O Nge7 7. c3 O-O 8. a4 f6
9. Na3 a6 10. Nc2 Bd7 11. Kh1 Qc7 12. Be3 Bxf4 13. Bxc5 b6 14. Bg1 dxe4 15. dxe4
Rfd8 16. Ncd4 Kh8 17. Nxc6 Nxc6 18. Qb3 Rdb8 19. Rad1 b5 20. axb5 axb5 21. Nd4
Na5 22. Qb4 Nc4 23. Qe7 Re8 24. Qf7 Nd6 25. Nxb5 Qc6 26. Nxd6 Bxd6 27. Rxd6 Qxd6
28. Rd1 Re7 29. Qh5 Qc7 30. Qc5 Bc6 31. Bf3 Rd7 32. Rxd7 Qxd7 33. b4 Qb7 34. Qc4
e5 35. Qd3 f5 36. b5 Bxb5 37. Qd6 fxe4 38. Bh5 Bc6 39. Qxe5 e3 40. Qg3 Ra2 41.
Bf3 Bxf3 42. gxf3 e2 43. Bf2 Ra6 44. Be1 Rf6 0-1

[Event "Astana Zhuldyzdary Open A"]
[Site "Astana KAZ"]
[Date "2023.07.16"]
[Round "8.19"]
[White "Zhakan, Erasyl"]
[Black "Kazhgaleyev, Murtas"]
[Result "0-1"]
[BlackTitle "GM"]
[WhiteElo "1813"]
[BlackElo "2503"]
[WhiteFideId "13722271"]
[BlackFideId "13700316"]
[EventDate "2023.07.11"]

1. d4 Nf6 2. Nf3 e6 3. e3 c5 4. Bd3 b6 5. b3 Bb7 6. Bb2 Be7 7. Nbd2 Nc6 8. a3
O-O 9. O-O cxd4 10. exd4 g6 11. Re1 d5 12. Ne5 Nxe5 13. Rxe5 Qc7 14. Qf3 a5 15.
Rae1 Ba6 16. c4 Rad8 17. h4 Nd7 18. R5e2 Bxh4 19. cxd5 Bxd3 20. Qxd3 exd5 21.
Qb5 Qd6 22. Nf3 Bf6 23. Bc1 Kg7 24. Ne5 Bxe5 25. dxe5 Qe6 26. Rd1 Nc5 27. f3 d4
28. Bg5 Rd5 29. Qc4 Kg8 30. Rxd4 Rxe5 31. Qxe6 Rxe6 32. Rb2 Re1+ 33. Kf2 Rfe8
34. Bh6 Ra1 35. Re2 Rxe2+ 36. Kxe2 f6 37. Rd6 Kf7 38. Rxb6 Rxa3 39. b4 Ra2+ 40.
Kf1 axb4 41. Rxb4 g5 42. f4 Nd3 43. Rb7+ Kg6 44. fxg5 Ra1+ 45. Ke2 Nf4+ 46. Kf3
Ne6 47. Rb6 Re1 48. Kf2 Re5 49. Kg3 fxg5 50. Bf8 Kf5 51. Bd6 Rd5 52. Bb8 h5 53.
Rb2 Nc5 54. Rf2+ Kg6 55. Rc2 Ne4+ 56. Kf3 Kf5 57. Ke2 Rb5 58. Bc7 h4 59. Kf3
Rb3+ 60. Ke2 Rb1 61. Ke3 Re1+ 62. Kd4 g4 63. Ra2 Ng5 64. Ra5+ Kg6 65. Kd3 g3 66.
Bf4 Ne6 67. Be3 h3 68. gxh3 g2 69. Ba7 Nf4+ 70. Kd2 Re2+ 71. Kd1 Re7 72. Bb6 Rb7
73. Be3 Rb1+ 74. Kd2 Rb2+ 75. Kc3 Re2 76. Ba7 Nxh3 77. Ra1 Kf5 78. Ra5+ Kg4 79.
Ra4+ Kf3 80. Ra6 Re1 81. Kd2 Re2+ 82. Kc3 Nf4 83. Ra1 Re7 84. Bb6 Nd5+ 0-1

[Event "Astana Zhuldyzdary Open A"]
[Site "Astana KAZ"]
[Date "2023.07.16"]
[Round "8.20"]
[White "Faizrakhmanov, Ramil"]
[Black "Kazakov, Konstantin"]
[Result "1-0"]
[WhiteTitle "IM"]
[BlackTitle "IM"]
[WhiteElo "2457"]
[BlackElo "2389"]
[WhiteFideId "24103209"]
[BlackFideId "13700898"]
[EventDate "2023.07.11"]

1. d4 Nf6 2. c4 g6 3. Nc3 Bg7 4. e4 O-O 5. Bg5 c5 6. d5 d6 7. Qd2 e5 8. h3 Na6
9. a3 Bd7 10. g4 Nc7 11. b4 b6 12. Bd3 Qe8 13. Nge2 Kh8 14. Ng3 Ng8 15. Rb1 Bf6
16. Bxf6+ Nxf6 17. f4 exf4 18. Qxf4 Qe7 19. O-O Ng8 20. bxc5 bxc5 21. Rb7 Bc8
22. Rxc7 Qxc7 23. Nb5 Qe7 24. Nxd6 f6 25. e5 Rb8 26. e6 Rb3 27. Rf3 Ba6 28. g5
f5 29. Ndxf5 gxf5 30. Nh5 Bxc4 31. Qe5+ Nf6 32. gxf6 Rg8+ 33. Kh1 Qd6 34. Qxd6
Bxd3 35. Qe5 1-0

[Event "Astana Zhuldyzdary Open A"]
[Site "Astana KAZ"]
[Date "2023.07.16"]
[Round "8.21"]
[White "Abdisalimov, Abdimalik"]
[Black "Kuziev, Miraziz"]
[Result "1-0"]
[WhiteTitle "IM"]
[WhiteElo "2451"]
[BlackElo "2049"]
[WhiteFideId "14206323"]
[BlackFideId "14215772"]
[EventDate "2023.07.11"]

1. d4 d5 2. c4 e6 3. Nc3 a6 4. cxd5 exd5 5. Nf3 c6 6. Qb3 Bd6 7. e4 dxe4 8. Nxe4
Ne7 9. Bc4 O-O 10. O-O Nd5 11. Bg5 Be7 12. Bxe7 Nxe7 13. a4 a5 14. Ne5 Qxd4 15.
Nxf7 b5 16. axb5 cxb5 17. Bxb5 a4 18. Rxa4 Rxa4 19. Nfd6+ Nd5 20. Qxa4 1-0

[Event "Astana Zhuldyzdary Open A"]
[Site "Astana KAZ"]
[Date "2023.07.16"]
[Round "8.22"]
[White "Kassimov, Baurzhan"]
[Black "Isanzhulov, Arystan"]
[Result "0-1"]
[WhiteTitle "IM"]
[BlackTitle "FM"]
[WhiteElo "2304"]
[BlackElo "2422"]
[WhiteFideId "13704800"]
[BlackFideId "13711644"]
[EventDate "2023.07.11"]

1. c4 e5 2. Nc3 Bb4 3. Nd5 Be7 4. d4 exd4 5. Qxd4 Nf6 6. Nxe7 Qxe7 7. Bg5 Nc6 8.
Qc3 d6 9. Bxf6 Qxf6 10. Qxf6 gxf6 11. e3 Be6 12. Rc1 d5 13. Nf3 O-O-O 14. cxd5
Bxd5 15. Bc4 Nb4 16. a3 Bxc4 17. axb4 Bd5 18. Ke2 Rhg8 19. Rhg1 Rg4 20. Nd4 Bxg2
21. f3 Rg6 22. Rc5 Bh3 23. Rg3 Rh6 24. Ra5 Bd7 25. Rg2 a6 26. Kf2 c6 27. Ke1 Kc7
28. Ne2 Bh3 29. Rg7 Bc8 30. Rg2 Rd3 31. Ra3 Rd5 32. Nf4 Rb5 33. Ra4 Kb6 34. Kd2
Rg5 35. Rf2 Rg1 36. Ra5 f5 37. Kc2 Rd6 38. h3 f6 39. Ra3 Kb5 40. Kb3 Re1 41. Ne2
Rh1 42. Nf4 Rc1 43. Ra5+ Kb6 44. Ra3 Bd7 45. Rg2 0-1

[Event "Astana Zhuldyzdary Open A"]
[Site "Astana KAZ"]
[Date "2023.07.16"]
[Round "8.23"]
[White "Suleimen, Ergali"]
[Black "Gan-Erdene, Sugar"]
[Result "0-1"]
[WhiteTitle "FM"]
[BlackTitle "IM"]
[WhiteElo "2296"]
[BlackElo "2418"]
[WhiteFideId "13724452"]
[BlackFideId "4902980"]
[EventDate "2023.07.11"]

1. e4 c5 2. Nf3 e6 3. d4 cxd4 4. Nxd4 Nc6 5. Nc3 Qc7 6. Be3 a6 7. a3 b5 8. Nxc6
Qxc6 9. h4 Bb7 10. h5 h6 11. Qd2 Rc8 12. O-O-O b4 13. axb4 Bxb4 14. Bd4 Nf6 15.
Bxf6 gxf6 16. Rh3 Qc7 17. Qd4 Be7 18. Kb1 Rg8 19. f4 Rg4 20. Rf3 Bc6 21. g3 Kf8
22. Bc4 Rg8 23. Bb3 Qa5 24. f5 Kg7 25. fxe6 dxe6 26. Nd5 exd5 27. exd5 Bd7 28.
d6 Bd8 29. Qa7 Qb5 30. Rd5 Qc6 31. Rc3 Ra8 32. Qd4 Qb6 33. Rdc5 Rc8 34. g4 Rxc5
35. Rxc5 Re8 36. g5 hxg5 37. Rxg5+ Kh8 38. Rc5 Re5 0-1

[Event "Astana Zhuldyzdary Open A"]
[Site "Astana KAZ"]
[Date "2023.07.16"]
[Round "8.24"]
[White "Rakhimzhan, Alen"]
[Black "Novik, Maxim"]
[Result "1/2-1/2"]
[WhiteTitle "FM"]
[BlackTitle "GM"]
[WhiteElo "2154"]
[BlackElo "2436"]
[WhiteFideId "13707213"]
[BlackFideId "4102924"]
[EventDate "2023.07.11"]

1. d4 d5 2. c4 e6 3. Nc3 c5 4. cxd5 exd5 5. dxc5 d4 6. Ne4 Nc6 7. Nf3 Bxc5 8.
Nxc5 Qa5+ 9. Bd2 Qxc5 10. e3 dxe3 11. Bxe3 Qb4+ 12. Bd2 Qe7+ 13. Be2 Nf6 14. O-O
O-O 15. Re1 Qc7 16. Qa4 Be6 17. Qh4 Rfe8 18. Bc3 Nd5 19. Bd3 h6 20. Bd2 Qd8 21.
Qg3 Qf6 22. Ne5 Nd4 23. Re4 Nf5 24. Qf3 Nd6 25. Rae1 Qxf3 26. Nxf3 Bf5 27. Rxe8+
Rxe8 28. Bf1 Rc8 29. Nd4 Bd7 30. Rd1 Nf5 31. Nxf5 Bxf5 32. Rc1 Rxc1 33. Bxc1 a6
34. Bd2 Kf8 35. h4 Ke7 36. f3 Kd6 37. g4 Bb1 38. a3 Kc5 39. h5 Kd4 40. g5 hxg5
41. Bxg5 Bc2 42. Kf2 b5 43. h6 gxh6 44. Bxh6 Bd3 45. Bh3 f5 46. Bg7+ Kc4 47. Be5
Kb3 48. f4 Be4 49. Kg3 Nb6 50. Kh4 Nc4 51. Kg5 Nxe5 52. fxe5 Kxb2 53. Bxf5 Bd5
54. Bc8 a5 55. Ba6 Bc6 56. e6 Kxa3 57. Bc8 Bg2 58. Bd7 Bh3 59. Bxb5 Bxe6 60. Kf4
Kb4 61. Be8 Bb3 1/2-1/2

[Event "Astana Zhuldyzdary Open A"]
[Site "Astana KAZ"]
[Date "2023.07.16"]
[Round "8.25"]
[White "Aitbayev, Aslan"]
[Black "Bulatov, Ramil"]
[Result "1-0"]
[WhiteTitle "IM"]
[WhiteElo "2403"]
[BlackElo "2132"]
[WhiteFideId "13704613"]
[BlackFideId "4166140"]
[EventDate "2023.07.11"]

1. e4 e6 2. d4 d5 3. Nd2 a6 4. Ngf3 c5 5. exd5 exd5 6. Be2 Nf6 7. O-O Be7 8.
dxc5 Bxc5 9. Nb3 Bb6 10. Bg5 O-O 11. c3 Nc6 12. Nfd4 h6 13. Be3 Ne5 14. Qc2 Nc4
15. Bf4 g5 16. Bg3 Ne4 17. Bxc4 Nxg3 18. Bxd5 Qxd5 19. hxg3 Bg4 20. c4 Qd7 21.
c5 Rac8 22. Qc3 Rfd8 23. Nf3 Qf5 24. Ne5 Bh5 25. g4 Bxg4 26. Qg3 Be2 27. Rfe1
Bc7 28. Rxe2 Re8 29. Rae1 f6 30. Nd4 1-0

[Event "Astana Zhuldyzdary Open A"]
[Site "Astana KAZ"]
[Date "2023.07.16"]
[Round "8.26"]
[White "Divya, Deshmukh"]
[Black "Amirali, Abzal"]
[Result "1-0"]
[WhiteTitle "WGM"]
[WhiteElo "2400"]
[BlackElo "2062"]
[WhiteFideId "35006916"]
[BlackFideId "13733346"]
[EventDate "2023.07.11"]

1. e4 c5 2. Nf3 Nc6 3. Bb5 g6 4. O-O Bg7 5. Bxc6 dxc6 6. d3 Nf6 7. h3 Nd7 8. Nc3
e5 9. Be3 b6 10. Qd2 h6 11. a3 a5 12. Nh2 Nf8 13. f4 exf4 14. Bxf4 Ne6 15. Be3
g5 16. Rab1 Nd4 17. Ne2 Qd6 18. Bxd4 cxd4 19. Nf3 O-O 20. Qe1 f5 21. exf5 Bxf5
22. Ng3 Bg6 23. Ne4 Qd5 24. Nfd2 b5 25. Qe2 Be5 26. g3 a4 27. Rbe1 Bg7 28. Qg4
Rae8 29. h4 Rxf1+ 30. Rxf1 Qe6 31. Qxe6+ Rxe6 32. hxg5 hxg5 33. g4 c5 34. Nxc5
Re2 35. Rf2 Re1+ 36. Kg2 Bf7 37. Nde4 Bd5 38. Rf5 Bc6 39. Rxg5 Kf8 40. Kf2 Rc1
41. Nd6 Ke7 42. Nce4 Rxc2+ 43. Ke1 Bf6 44. Nf5+ Ke6 45. Nxf6 Kxf6 46. Nxd4 Rc1+
47. Kd2 Kxg5 48. Kxc1 Bd7 49. Kd2 Kxg4 50. Kc3 Kf4 51. Kb4 Ke3 52. Nxb5 Kxd3 53.
Nc3 Kc2 54. Nxa4 Be8 55. b3 1-0

[Event "Astana Zhuldyzdary Open A"]
[Site "Astana KAZ"]
[Date "2023.07.16"]
[Round "8.27"]
[White "Bolat, Inayat"]
[Black "Begmuratov, Khumoyun"]
[Result "1-0"]
[BlackTitle "FM"]
[WhiteElo "2085"]
[BlackElo "2391"]
[WhiteFideId "13733125"]
[BlackFideId "14210207"]
[EventDate "2023.07.11"]

1. e4 e5 2. Nf3 Nc6 3. Bb5 a6 4. Ba4 Nf6 5. O-O b5 6. Bb3 Bb7 7. Nc3 Be7 8. d3
O-O 9. a4 b4 10. Ne2 d6 11. Ng3 Nd7 12. Nf5 Bf6 13. g4 Nc5 14. g5 Be7 15. Bd5
Ne6 16. Kh1 Na5 17. Rg1 c6 18. Ba2 c5 19. g6 hxg6 20. Rxg6 fxg6 21. Bxe6+ Rf7
22. Nxe7+ Qxe7 23. Ng5 Rf8 24. Qg4 1-0

[Event "Astana Zhuldyzdary Open A"]
[Site "Astana KAZ"]
[Date "2023.07.16"]
[Round "8.28"]
[White "Akhmedinov, Satbek"]
[Black "Kamalidenova, Meruert"]
[Result "0-1"]
[WhiteTitle "CM"]
[BlackTitle "WIM"]
[WhiteElo "1974"]
[BlackElo "2336"]
[WhiteFideId "13714287"]
[BlackFideId "13712802"]
[EventDate "2023.07.11"]

1. e4 e5 2. Nf3 Nc6 3. Nc3 Nf6 4. d4 exd4 5. Nxd4 Bb4 6. Nxc6 bxc6 7. Bd3 d5 8.
exd5 cxd5 9. O-O O-O 10. Bg5 Bxc3 11. bxc3 h6 12. Bf4 Be6 13. Qf3 c5 14. Rfe1 c4
15. Bf1 Nd7 16. Qg3 Qf6 17. Rab1 Rfe8 18. Rb7 Bf5 19. Re3 Nc5 20. Rb5 Ne4 21.
Qf3 Be6 22. h3 Rac8 23. Rb7 Rc6 24. Rxa7 Rb6 25. Re1 Qxc3 26. Qxc3 Nxc3 27. Be5
Nb5 28. Rb1 Bf5 29. Ra5 Rxe5 30. Rbxb5 Rxb5 31. Rxb5 Bxc2 32. f4 Re1 33. Kf2 Rd1
34. Rc5 Be4 35. a4 Ra1 36. a5 Ra3 37. Be2 c3 38. Ke3 Bxg2 39. Bd3 g6 40. a6 Bxh3
41. Kd4 Bf5 42. Bxf5 gxf5 43. Rxc3 Rxa6 44. Kxd5 Kg7 45. Ke5 Ra5+ 46. Kd4 Kg6
47. Rg3+ Kf6 48. Rb3 Ra6 49. Ke3 Kg6 50. Kf3 Kh5 51. Kg3 Rg6+ 52. Kf3 Kh4 53.
Rb5 Rg3+ 54. Kf2 Kg4 55. Rb7 Rf3+ 56. Kg2 Ra3 57. Rxf7 Kxf4 58. Rh7 Ra6 59. Rh8
Re6 60. Kf2 Kg5 61. Kf3 h5 62. Rg8+ Rg6 63. Rf8 h4 64. Rh8 Rh6 65. Rg8+ Kf6 66.
Ra8 h3 67. Kg3 Rh5 68. Kh2 Kg5 69. Rg8+ Kf4 70. Rg1 Kf3 71. Rg3+ Kf2 72. Ra3 f4
73. Rb3 Re5 74. Ra3 Re7 75. Rb3 f3 76. Rb1 Re1 77. Rb2+ Ke3 78. Rb3+ Kf4 79.
Rb4+ Re4 80. Rb8 f2 81. Rf8+ Ke3 82. Kg3 Rg4+ 83. Kxg4 h2 0-1

[Event "Astana Zhuldyzdary Open A"]
[Site "Astana KAZ"]
[Date "2023.07.16"]
[Round "8.29"]
[White "Moldagali, Beksultan"]
[Black "Sapenov, Daniyal"]
[Result "0-1"]
[BlackTitle "FM"]
[WhiteElo "2050"]
[BlackElo "2329"]
[WhiteFideId "13734768"]
[BlackFideId "13728911"]
[EventDate "2023.07.11"]

1. e4 c5 2. Nf3 d6 3. d4 cxd4 4. Nxd4 Nf6 5. Nc3 a6 6. Be2 e5 7. Nb3 Be7 8. Be3
Be6 9. a4 O-O 10. O-O Nc6 11. Bf3 Nb4 12. Qe2 Qc7 13. Rfd1 Rfe8 14. a5 Rac8 15.
Ra4 d5 16. exd5 Bd7 17. Bb6 Qb8 18. Raa1 Bd6 19. g3 e4 20. Bg2 Bg4 21. Qd2 Bxd1
22. Rxd1 Rxc3 23. bxc3 Nbxd5 24. Bd4 Be5 25. c4 Bxd4 26. Qxd4 Nb4 27. c3 Nc6 28.
Qb6 Ne5 29. Nc5 Nf3+ 30. Bxf3 exf3 31. Nxb7 Qc8 0-1

[Event "Astana Zhuldyzdary Open A"]
[Site "Astana KAZ"]
[Date "2023.07.16"]
[Round "8.30"]
[White "Zverev, Lev"]
[Black "Sarzhanov, Chingizkhan"]
[Result "1-0"]
[WhiteTitle "FM"]
[WhiteElo "2319"]
[BlackElo "1889"]
[WhiteFideId "24250775"]
[BlackFideId "13724991"]
[EventDate "2023.07.11"]

1. e4 e5 2. Nf3 Nc6 3. Bb5 a6 4. Ba4 Nf6 5. d3 b5 6. Bb3 Be7 7. Nc3 d6 8. a4 Rb8
9. axb5 axb5 10. Be3 O-O 11. Nd5 Be6 12. c3 Qc8 13. O-O h6 14. h3 Bd8 15. Nxf6+
Bxf6 16. d4 exd4 17. cxd4 Nb4 18. d5 Bd7 19. e5 Be7 20. Qd2 dxe5 21. Nxe5 Bf5
22. Bd4 Bd6 23. Bc3 Bxe5 24. Bxe5 Nd3 25. Bc3 c5 26. dxc6 Qxc6 27. Qe3 b4 28.
Bd4 Rbd8 29. Ra7 Qd6 30. Bb6 Rc8 31. Rd1 Bg6 32. Ba4 Qb8 33. Bd4 Rfd8 34. Bb3
Rxd4 35. Qxd4 Nc5 36. Bxf7+ Bxf7 37. Re7 Ne6 38. Qg4 Qf4 39. Rb7 Qxg4 40. hxg4
Rc4 41. Rdd7 Ng5 42. f3 Rf4 43. Kh2 b3 44. Kg3 Rf6 45. Re7 Kf8 46. Re3 g6 47. f4
Nh7 48. Ree7 g5 49. f5 Kg8 50. Rb8+ Nf8 51. Rc7 Bd5 52. Rd8 Be4 53. Re7 Bb1 54.
Re6 Rf7 55. Rxh6 Kg7 56. Rb6 Bc2 57. Rc8 Bd1 1-0

[Event "Astana Zhuldyzdary Open A"]
[Site "Astana KAZ"]
[Date "2023.07.16"]
[Round "8.31"]
[White "Abdilkhair, Abilmansur"]
[Black "Tkachyov, Adil"]
[Result "1-0"]
[WhiteTitle "FM"]
[WhiteElo "2248"]
[BlackElo "1979"]
[WhiteFideId "13716417"]
[BlackFideId "13713558"]
[EventDate "2023.07.11"]

1. e4 c5 2. Nf3 g6 3. h4 Nc6 4. h5 Bg7 5. Bb5 Nd4 6. Nxd4 cxd4 7. a4 a6 8. Bc4
Qa5 9. Kf1 g5 10. Qf3 e6 11. h6 Nxh6 12. d3 Ng8 13. Bd2 Qe5 14. a5 h6 15. Bb3
Ne7 16. Na3 Nc6 17. Nc4 Qc5 18. Qg3 O-O 19. f4 f5 20. e5 g4 21. Nd6 b5 22. Rh5
Nd8 23. Nxf5 Nf7 24. Nxg7 Kxg7 25. Qxg4+ Kh7 26. f5 Rg8 27. Qh4 Qxe5 28. Bxh6
Nxh6 29. Rxh6+ Kg7 30. Rh7+ 1-0

[Event "Astana Zhuldyzdary Open A"]
[Site "Astana KAZ"]
[Date "2023.07.16"]
[Round "8.32"]
[White "Nurgaliyeva, Zarina"]
[Black "Sisabayev, Kuanysh"]
[Result "0-1"]
[WhiteTitle "WFM"]
[BlackTitle "FM"]
[WhiteElo "1921"]
[BlackElo "2235"]
[WhiteFideId "13730096"]
[BlackFideId "13702718"]
[EventDate "2023.07.11"]

1. e4 e5 2. Nf3 d6 3. d4 exd4 4. Nxd4 Nf6 5. Nc3 Be7 6. Bc4 O-O 7. O-O a6 8. a4
Nc6 9. h3 Bd7 10. Re1 Nxd4 11. Qxd4 Bc6 12. Nd5 Nxd5 13. exd5 Bf6 14. Qd3 Bd7
15. c3 Re8 16. Be3 Re5 17. Qd2 Qf8 18. a5 Rae8 19. Bf4 R5e7 20. Kf1 Bf5 21. Rxe7
Rxe7 22. Re1 h6 23. Rxe7 Qxe7 24. Qe3 Qd7 25. b3 g5 26. Bg3 Kg7 27. Be2 Bc2 28.
c4 Qf5 29. f3 Bb1 30. Bf2 Qc2 31. b4 Be5 32. b5 Ba2 33. bxa6 bxa6 34. Qd3 Qc1+ 0-1

[Event "Astana Zhuldyzdary Open A"]
[Site "Astana KAZ"]
[Date "2023.07.16"]
[Round "8.33"]
[White "Bizhigitov, Zhangir"]
[Black "Tokbayev, Anuar"]
[Result "1/2-1/2"]
[WhiteTitle "FM"]
[WhiteElo "2255"]
[BlackElo "1809"]
[WhiteFideId "13725599"]
[BlackFideId "13724703"]
[EventDate "2023.07.11"]

1. d4 e6 2. Nf3 d5 3. Bf4 Nf6 4. e3 Bd6 5. Bg3 O-O 6. Nbd2 c5 7. c3 Qc7 8. Ne5
Nbd7 9. f4 Ne4 10. Nxe4 dxe4 11. Bb5 cxd4 12. exd4 a6 13. Be2 Nf6 14. Qc2 b5 15.
O-O Bb7 16. Rae1 Rac8 17. f5 Nd5 18. fxe6 f5 19. Qb3 Qe7 20. c4 Nb4 21. c5 Bxe5
22. Bxe5 Nd5 23. Bd6 Qxe6 24. Bxf8 Rxf8 25. a4 Bc6 26. axb5 axb5 27. Ra1 Kh8 28.
Ra6 Qf6 29. Qxd5 Bxd5 30. Rxf6 Rxf6 31. Bxb5 g5 32. Rc1 f4 33. c6 Be6 34. c7 Bc8
35. Rc6 Rf7 36. d5 e3 37. h3 h5 38. Be2 g4 39. hxg4 hxg4 40. Bxg4 Bxg4 41. c8=Q+
Bxc8 42. Rxc8+ Kg7 43. d6 Kf6 44. Rc7 Rf8 45. Kf1 Rd8 46. d7 Ke6 47. Rc4 Ke5 48.
Ke2 Rxd7 49. Kf3 Rd2 50. Re4+ Kd5 51. Rxf4 e2 52. Kf2 Rxb2 53. Ke1 Ke5 54. Rf3
Ke4 55. Rf8 Ke3 56. Rf3+ Ke4 1/2-1/2

[Event "Astana Zhuldyzdary Open A"]
[Site "Astana KAZ"]
[Date "2023.07.16"]
[Round "8.34"]
[White "Suyarov, Mukhammadzokhid"]
[Black "Bayantas, Asman"]
[Result "1/2-1/2"]
[WhiteTitle "FM"]
[WhiteElo "2366"]
[BlackElo "2046"]
[WhiteFideId "14210495"]
[BlackFideId "13725254"]
[EventDate "2023.07.11"]

1. d4 Nf6 2. Nc3 d5 3. Bf4 g6 4. Nf3 Bg7 5. h3 O-O 6. Nb5 Na6 7. e3 c6 8. Nc3
Qb6 9. a3 c5 10. Bxa6 bxa6 11. Rb1 cxd4 12. exd4 Rd8 13. O-O Ne4 14. Re1 Bf5 15.
Be5 Bxe5 16. Nxe5 Nxc3 17. bxc3 Qc7 18. Qd2 Rab8 19. Rxb8 Rxb8 20. g4 Be4 21. f3
f6 22. fxe4 fxe5 23. dxe5 dxe4 24. Rxe4 Qc5+ 25. Qd4 Qxa3 26. Kh2 Rf8 27. Re2
Qa1 28. Rg2 Qe1 29. Qd5+ 1/2-1/2

[Event "Astana Zhuldyzdary Open A"]
[Site "Astana KAZ"]
[Date "2023.07.16"]
[Round "8.35"]
[White "Kenbeilov, Timur"]
[Black "Radzhabov, Rodion"]
[Result "1-0"]
[BlackTitle "FM"]
[WhiteElo "1989"]
[BlackElo "2303"]
[WhiteFideId "13715755"]
[BlackFideId "884715"]
[EventDate "2023.07.11"]

1. d4 Nf6 2. c4 e6 3. g3 d5 4. Bg2 Be7 5. Nf3 O-O 6. O-O dxc4 7. Qc2 a6 8. a4
Bd7 9. Qxc4 Bc6 10. Nc3 b5 11. Qb3 b4 12. Nb1 Bd5 13. Qc2 c5 14. Bf4 cxd4 15.
Rd1 Nc6 16. Nxd4 Nxd4 17. Rxd4 Qb6 18. Bxd5 Nxd5 19. Rc4 Bf6 20. Bd2 a5 21. e4
b3 22. Qc1 Nb4 23. Bxb4 axb4 24. Nd2 Bd4 25. a5 Bxf2+ 26. Kg2 Qe3 27. Nxb3 Qxb3
28. Kxf2 f5 29. e5 f4 30. gxf4 Qh3 31. Kg1 Qg4+ 32. Kh1 Rfd8 33. Qg1 Qf3+ 34.
Qg2 Rd1+ 35. Rxd1 Qxd1+ 36. Qg1 Qd5+ 37. Qg2 Qxa5 38. Qc6 Qa1+ 39. Kg2 Rd8 40.
Qxe6+ Kh8 41. Rc8 Qxb2+ 42. Kg3 Qa3+ 43. Kh4 g5+ 44. Kxg5 Rxc8 45. Qxc8+ Kg7 46.
Qb7+ 1-0

[Event "Astana Zhuldyzdary Open A"]
[Site "Astana KAZ"]
[Date "2023.07.16"]
[Round "8.36"]
[White "Balabayeva, Xeniya"]
[Black "Shonazarov, Orash"]
[Result "1/2-1/2"]
[WhiteTitle "WIM"]
[WhiteElo "2239"]
[BlackElo "2018"]
[WhiteFideId "13719688"]
[BlackFideId "13737910"]
[EventDate "2023.07.11"]

1. d4 Nf6 2. Bf4 e6 3. e3 c5 4. c3 Qb6 5. Qb3 d5 6. Nd2 Nc6 7. Qxb6 axb6 8. Bc7
cxd4 9. exd4 Nd7 10. Bb5 Be7 11. Ngf3 Bd8 12. Bg3 Na7 13. Bd3 b5 14. O-O Be7 15.
a4 b4 16. c4 dxc4 17. Nxc4 Nc6 18. Nd6+ Bxd6 19. Bxd6 Nb6 20. b3 Bd7 21. Bc5 Nd5
22. Bc4 Nce7 23. Ne5 b6 24. Bxe7 Nxe7 25. Nd3 Nc6 26. d5 Na5 27. dxe6 Bxe6 28.
Bxe6 fxe6 29. Rab1 Rc8 30. Nxb4 Rc3 31. Na2 Rxb3 32. Rxb3 Nxb3 33. Rb1 Nc5 34.
Rxb6 Kd7 35. Rb4 Kc6 36. Nc3 Rd8 37. Rc4 e5 38. Rg4 Rd3 39. Rg3 Rd2 40. Kf1 Rc2
41. Re3 g6 42. a5 Kd6 43. Rh3 Kc6 44. Re3 Rc1+ 45. Ke2 Ra1 46. f4 e4 47. Nxe4
Nxe4 48. Rxe4 Rxa5 1/2-1/2

[Event "Astana Zhuldyzdary Open A"]
[Site "Astana KAZ"]
[Date "2023.07.16"]
[Round "8.37"]
[White "Smirnov, Mark"]
[Black "Doschanov, Zhaslan"]
[Result "0-1"]
[WhiteTitle "CM"]
[WhiteElo "1931"]
[BlackElo "2193"]
[WhiteFideId "13764594"]
[BlackFideId "13701207"]
[EventDate "2023.07.11"]

1. e4 c5 2. Nf3 d6 3. d4 cxd4 4. Nxd4 Nf6 5. Nc3 Nc6 6. Bg5 e6 7. Qd2 a6 8.
O-O-O Bd7 9. f3 Nxd4 10. Qxd4 h6 11. Bd2 h5 12. Kb1 Qc7 13. Bg5 Be7 14. f4 Qc5
15. Qxc5 dxc5 16. Bxf6 gxf6 17. Be2 Bd8 18. h4 Bc7 19. f5 Ke7 20. g4 hxg4 21.
Bxg4 Rag8 22. fxe6 fxe6 23. Rdg1 Be5 24. h5 Bd4 25. Rg2 Bc6 26. Bf3 Rxg2 27.
Bxg2 Rg8 28. Bf3 Rg3 29. Rf1 Rh3 30. Kc1 Kd6 31. Kd2 Ke5 32. a3 Rh2+ 33. Kd1 Be8
34. Ne2 Bxb2 35. Bg4 c4 36. Ng1 Kd6 37. Nf3 Rg2 38. h6 Bg6 39. Rg1 Rxg1+ 40.
Nxg1 Bxa3 41. Nf3 Bb2 42. Nh4 Bh7 43. Bh5 Bxe4 44. Bf3 Bxf3+ 45. Nxf3 Ke7 46. c3
Kf7 47. Kc2 Ba3 48. Nd2 b5 49. Ne4 Be7 0-1

[Event "Astana Zhuldyzdary Open A"]
[Site "Astana KAZ"]
[Date "2023.07.16"]
[Round "8.38"]
[White "Loskutova, Viktoriya"]
[Black "Amirkul, Alimzhan"]
[Result "1/2-1/2"]
[WhiteTitle "WFM"]
[WhiteElo "2185"]
[BlackElo "1975"]
[WhiteFideId "34166278"]
[BlackFideId "13718428"]
[EventDate "2023.07.11"]

1. e4 c5 2. Nf3 Nc6 3. Bb5 e5 4. O-O Bd6 5. d3 a6 6. Bc4 Nf6 7. Bg5 Be7 8. a4 d6
9. Nc3 O-O 10. Bxf6 Bxf6 11. Nd5 g6 12. c3 Bg7 13. Qd2 Rb8 14. Qg5 Qxg5 15. Nxg5
h6 16. Nf3 Be6 17. Nb6 Rfd8 18. Nd2 Ne7 19. Rfd1 d5 20. exd5 Nxd5 21. Bxd5 Bxd5
22. Ne4 Bxe4 23. dxe4 f5 24. Nd7 Rbc8 25. Rd5 fxe4 26. Rad1 c4 27. Nc5 Rxd5 28.
Rxd5 Rc6 29. a5 b6 30. Nxe4 bxa5 31. Rd6 Rc7 32. Rxa6 Rb7 33. Rxa5 Rxb2 34. Kf1
Bf8 35. Ra4 Kf7 36. Rxc4 Ke6 37. Rc7 Kd5 38. f3 g5 39. h3 Rc2 40. Kg1 Ba3 41.
Rd7+ Kc4 42. Rd2 Rxd2 43. Nxd2+ Kd3 44. Ne4 Bc1 45. g4 Bf4 46. Kf2 Be3+ 47. Kg2
Bf4 48. Kf1 Be3 49. Ng3 Kxc3 50. Ke2 Bf4 51. Nf5 Kc4 52. Nxh6 Kd4 53. Nf5+ Kc4
54. Nd6+ Kd5 55. Ne4 Kd4 56. Nf6 Kc4 57. Kf2 Kd3 58. h4 gxh4 59. Ne4 h3 60. g5
h2 61. Kg2 Ke3 62. g6 Bh6 63. Ng5 Kf4 64. Ne6+ Kf5 65. g7 Bxg7 66. Nxg7+ Kf4 67.
Nh5+ Ke3 68. Ng3 h1=Q+ 69. Nxh1 e4 70. fxe4 Kxe4 1/2-1/2